| 000 | 00546nam a2200193Ia 4500 | ||
|---|---|---|---|
| 008 | 240729s9999 xx 000 0 und d | ||
| 022 | _a2511-7602 | ||
| 245 | 0 | _aJournal for Art Market Studies | |
| 260 | _aGermany | ||
| 260 | _bForum Kunst und Markt | ||
| 650 | _a Arts in general | Social Sciences | ||
| 650 | _a Business | Social Sciences | ||
| 650 | _a Commerce | ||
| 650 | _a Social sciences (General) | ||
| 650 | _aFine Arts | ||
| 856 | _uhttps://doaj.org/toc/93a0f2e8903141699920b32aa8b0cb0c | ||
| 942 | _2ddc | ||
| 942 | _cDOAJEJ | ||
| 999 |
_c69935 _d69935 |
||
| 945 |
_a1 _bMadushi Gamage _c1 _dMadushi Gamage |
||